[Event "28.Schlosspark-Open"]
[Site "Wiesbaden-Biebrich"]
[Date "2016.08.26"]
[Round "3.84"]
[White "BÃ¼hler, Severin"]
[Black "Deutsch, Oliver"]
[Result "1-0"]
[WhiteElo "1682"]
[BlackElo "1456"]
[PlyCount "57"]
[EventDate "2016.??.??"]
[WhiteTeam "Heilbronner SV"]
[BlackTeam "SK GrÃ¼ndau"]

1. e4 e5 2. Nf3 Nc6 3. Bb5 a6 4. Ba4 Nf6 5. O-O Be7 6. Re1 b5 7. Bb3 d6 8. c3
O-O 9. h3 Be6 10. d4 exd4 11. cxd4 Bxb3 12. Qxb3 d5 13. exd5 Qxd5 14. Qxd5 Nxd5
15. Nc3 Nxc3 16. bxc3 Rad8 17. Bf4 Bd6 18. Bxd6 Rxd6 19. Rab1 Rfd8 20. Nd2 R6d7
21. Nb3 Re7 22. Rxe7 Nxe7 23. Nc5 a5 24. Rxb5 h6 25. Rxa5 Nd5 26. Nb7 Rd7 27.
Rc5 Nf6 28. f3 Ne8 29. a4 1-0

[Event "28.Schlosspark-Open"]
[Site "Wiesbaden-Biebrich"]
[Date "2016.08.26"]
[Round "3.85"]
[White "Held, Gerd"]
[Black "Maleski, Heinz"]
[Result "1-0"]
[WhiteElo "1462"]
[BlackElo "1676"]
[PlyCount "70"]
[EventDate "2016.??.??"]
[WhiteTeam "SC GroÃŸ-Zimmern"]
[BlackTeam "SV Mainz-Mombach"]

1. c4 c5 2. g3 e6 3. Bg2 g6 4. Nf3 Bg7 5. O-O Ne7 6. d3 O-O 7. Nc3 a6 8. Bd2
Nbc6 9. a3 d6 10. Qc1 Nf5 11. Rb1 Ncd4 12. Nxd4 Nxd4 13. b4 Rb8 14. e3 Nf5 15.
Ne2 b6 16. Bc3 e5 17. f4 Re8 18. fxe5 dxe5 19. Rd1 Bh6 20. Bd2 Qxd3 21. Kf2 Rd8
22. Nc3 Qxc4 23. Ne4 Qxc1 24. Rbxc1 cxb4 25. axb4 Be6 26. Nf6+ Kh8 27. Ng4 Bg7
28. Ke2 Nd4+ 29. exd4 Bxg4+ 30. Bf3 Bxf3+ 31. Kxf3 Rxd4 32. Rc7 f5 33. Ke2 Rbd8
34. Rc2 Bh6 35. Bc3 Re4+ 1-0

[Event "28.Schlosspark-Open"]
[Site "Wiesbaden-Biebrich"]
[Date "2016.08.26"]
[Round "3.86"]
[White "Lorenz, Hermann"]
[Black "Werner, Rosalie"]
[Result "1-0"]
[WhiteElo "1663"]
[BlackElo "909"]
[PlyCount "43"]
[EventDate "2016.??.??"]
[WhiteTeam "SF Mainz"]
[BlackTeam "VSG Offenbach"]

1. c4 c5 2. Nf3 Nf6 3. g3 Nc6 4. Bg2 e6 5. O-O g6 6. Nc3 Bg7 7. a3 d5 8. cxd5
exd5 9. d4 b6 10. Bg5 O-O 11. e4 Ne7 12. e5 Nd7 13. Nxd5 Re8 14. Nf6+ Bxf6 15.
Bxf6 Nxf6 16. exf6 Nd5 17. Ne5 Bb7 18. Ng4 Rf8 19. Qd2 Qd7 20. Qh6 Nxf6 21.
Nxf6+ Kh8 22. Qxh7# 1-0

[Event "28.Schlosspark-Open"]
[Site "Wiesbaden-Biebrich"]
[Date "2016.08.26"]
[Round "3.87"]
[White "Metzdorf, Matteo"]
[Black "Stork, Christopher"]
[Result "1-0"]
[WhiteElo "1211"]
[BlackElo "1654"]
[PlyCount "49"]
[EventDate "2016.??.??"]
[WhiteTeam "SG Trier"]
[BlackTeam "SV Oberursel"]

1. e4 e5 2. Nf3 Nc6 3. Bb5 a6 4. Ba4 Nf6 5. d3 d6 6. O-O Bd7 7. c3 Be7 8. Nbd2
O-O 9. Re1 b5 10. Bc2 Rb8 11. Nf1 Bg4 12. h3 Bh5 13. Ng3 Bg6 14. d4 exd4 15.
cxd4 d5 16. e5 Nd7 17. Be3 Nb6 18. a3 Nc4 19. Bc1 b4 20. Nf5 Bxf5 21. Bxf5 bxa3
22. bxa3 N6a5 23. Bc2 Rb6 24. Qd3 Qd7 25. Qxh7# 1-0

[Event "28.Schlosspark-Open"]
[Site "Wiesbaden-Biebrich"]
[Date "2016.08.26"]
[Round "3.88"]
[White "Klinke, Roland"]
[Black "Jakesevic, Ivan"]
[Result "0-1"]
[WhiteElo "1438"]
[BlackElo "1633"]
[PlyCount "56"]
[EventDate "2016.??.??"]
[WhiteTeam "TuS Dotzheim"]
[BlackTeam "FC Bierstadt"]

1. d4 Nf6 2. c4 d6 3. Nf3 g6 4. g3 Bg7 5. Bg2 O-O 6. O-O Bg4 7. h3 Bf5 8. Nc3
Re8 9. Qb3 Qc8 10. Kh2 Nbd7 11. Nh4 c6 12. Nxf5 gxf5 13. Bf4 e5 14. dxe5 Nxe5
15. Rfd1 Qc7 16. Rd2 Rad8 17. Rad1 Rd7 18. Bxe5 dxe5 19. e3 Red8 20. Rxd7 Rxd7
21. Rxd7 Qxd7 22. Qc2 e4 23. h4 Ng4+ 24. Kg1 a6 25. c5 h5 26. b4 Kh7 27. Ne2
Qd3 28. Qxd3 exd3 0-1

[Event "28.Schlosspark-Open"]
[Site "Wiesbaden-Biebrich"]
[Date "2016.08.26"]
[Round "3.89"]
[White "Hegener, Daniel"]
[Black "Gerber, Ingo"]
[Result "1/2-1/2"]
[WhiteElo "1626"]
[BlackElo "1324"]
[PlyCount "43"]
[EventDate "2016.??.??"]
[WhiteTeam "SC Eschborn"]
[BlackTeam "SF Mainz"]

1. Nf3 d5 2. c4 dxc4 3. Na3 Nc6 4. Nxc4 Bg4 5. Ne3 Bxf3 6. gxf3 Nf6 7. Bg2 e5
8. b3 Bc5 9. Nc4 Qd7 10. Bb2 Bd4 11. Qc2 O-O-O 12. Bxd4 Qxd4 13. Qc3 Rhe8 14.
Qxd4 Nxd4 15. Rc1 Nd5 16. e3 Nc6 17. Ke2 f5 18. h4 g6 19. h5 Rh8 20. hxg6 hxg6
21. Bh3 Kb8 22. Rcg1 1/2-1/2

[Event "28.Schlosspark-Open"]
[Site "Wiesbaden-Biebrich"]
[Date "2016.08.26"]
[Round "3.90"]
[White "Werner, Tom"]
[Black "BÃ¶rkey, Joel"]
[Result "1-0"]
[WhiteElo "1242"]
[BlackElo "1598"]
[PlyCount "91"]
[EventDate "2016.??.??"]
[WhiteTeam "VSG Offenbach"]
[BlackTeam "Wiesbadener SV"]

1. e4 c5 2. Nf3 Nc6 3. Bc4 d6 4. d3 g6 5. Bd2 Bg7 6. Bc3 Nf6 7. Nbd2 O-O 8. Qe2
Bg4 9. h3 Bd7 10. O-O Nh5 11. Bxg7 Kxg7 12. Qe3 Qb6 13. Rab1 Rfe8 14. Ng5 e6
15. f4 d5 16. Bb3 Nd4 17. Ngf3 Ng3 18. Rfe1 Nde2+ 19. Kh2 Qc7 20. Rxe2 Nxe2 21.
Qxe2 Qxf4+ 22. g3 Qc7 23. Re1 Bc6 24. Qf1 Re7 25. e5 b5 26. c3 c4 27. Bc2 Rb8
28. b4 cxb3 29. axb3 Qa5 30. b4 Qa2 31. Rc1 Qb2 32. Bb3 d4 33. Rc2 dxc3 34.
Rxb2 cxb2 35. Qb1 Rd8 36. Bc2 Rc7 37. Qxb2 Rdc8 38. Nd4 Bd5 39. Bb3 Rc3 40.
Bxd5 exd5 41. Qb1 Rc1 42. Qa2 R8c7 43. Qxd5 Rd1 44. N2f3 Rxd3 45. e6 Ra3 46.
Qe5+ 1-0